000 01110cam a22003258a 4500
001 4484520
003 ARRUPE
005 20130924134646.0
008 950308s1995 mnu b 001 0 eng
010 _a94023991
020 _a0814657710
035 _a(OCoLC)505719863
035 _a(OCoLC)ocn505719863
035 _a(NNC)4484520
040 _aDLC
_cDLC
_dCBGTU
050 0 0 _aBS476
_b.M36 1995
090 _aBS476
_b.M36 1995
100 1 _aMeyer, Ben F.,
_d1927-
_9972
245 1 0 _aReality and illusion in New Testament scholarship :
_ba primer in critical realist hermeneutics /
_cBen F. Meyer.
260 _aCollegeville, Minn. :
_bLiturgical Press,
_cc1995.
300 _axi, 244 p. ;
_c21 cm.
500 _a"A Michael Glazier book."
504 _aIncludes bibliographical references (p.229-241) and indexes.
600 1 0 _aLonergan, Bernard J. F.
_tMethod in theology.
_9973
630 0 0 _aBible.
_pNew Testament
_xHermeneutics.
_9974
630 0 0 _aBible.
_pNew Testament
_xCriticism, interpretation, etc.
_9975
650 0 _aCritical realism.
_9976
942 _2lcc
_cMONOGRAPH
999 _c117968
_d117968